| 000 | 00474nam a22001697a 4500 | ||
|---|---|---|---|
| 003 | OSt | ||
| 005 | 20260530115317.0 | ||
| 008 | 260507b1976 -ag||||| |||| 00| 0 spa d | ||
| 040 |
_aICI _bspa _cICI |
||
| 041 | _aspa | ||
| 050 |
_aNA2750 _bO85 |
||
| 245 | 1 | 0 |
_aQuién diseña a estados unidos? / _cLaurence b. holland... y otros.! |
| 300 | _a271 páginas | ||
| 490 | 0 |
_aBiblioteca de diseño y artes visuales ; _v13 |
|
| 650 | 4 | _aDiseño arquitectónico | |
| 942 |
_2lcc _cBK _n1 |
||
| 999 |
_c13639 _d13639 |
||